00465nam a22001697a 4500008004100000020001800041020001500059041000800074080000900082245005600091250001200147260004300159300004200202650002400244942001200268999001500280151015b xxu||||| |||| 00| 0 eng d a9780547084336 a05470843310 aeng a336 10aPersonal finance:cThomas Garman; Raymond E. Frogue a9th ed. aUSA:bHoughton Mifflin Company;c2008. a1 v. various pagingsbme il.;c24 cm. 0aFinancë personale 2udccBK c1302d1302